Memorias de William Bennet Stevenson sobre las campañas de San Martín y Cochrane en el Perú. Versión castellana de Luis de Terán. Noticia sobre Stevenson por Diego Barros Arana

Αποθηκεύτηκε σε:
Λεπτομέρειες βιβλιογραφικής εγγραφής
Κύριος συγγραφέας: Stevenson, William Bennet (Συγγραφέας)
Μορφή: Βιβλίο
Γλώσσα:Ισπανικά
Έκδοση: Madrid Editorial América 1900
Έκδοση:1a. ed
Σειρά:Biblioteca Ayacucho, bajo la dirección de Don Rufino Blanco Fombona, vol. XV
Θέματα:
Ετικέτες: Προσθήκη ετικέτας
Δεν υπάρχουν, Καταχωρήστε ετικέτα πρώτοι!

MARC

LEADER 00000nam a2200000 a 4500
001 UCJ6468
003 CL-VaPUC
008 070124e19000000SP |||||||||||||||||spa|d
082 0 4 |a 980  |b STE  |2 21 
100 0 |a Stevenson, William Bennet  |e author  |9 444930 
245 1 0 |a Memorias de William Bennet Stevenson sobre las campañas de San Martín y Cochrane en el Perú. Versión castellana de Luis de Terán. Noticia sobre Stevenson por Diego Barros Arana 
250 |a 1a. ed 
300 |a 300 p 
942 |c BK 
945 |d 20070124 00:00:00  |a rinostro 
260 |a Madrid  |b Editorial América  |c 1900 
600 0 7 |a BLANCO FOMBONA, RUFINO  |2 CL-VaPUC  |9 345390 
600 0 |a Barros Arana, Diego  |9 316241 
600 0 7 |a TERAN, LUIS DE  |2 CL-VaPUC  |9 513156 
600 0 7 |a SAN MARTIN, JOSE DE  |2 CL-VaPUC  |9 513172 
600 0 |a Cochrane, Thomas Alexander  |9 438892 
600 0 7 |a MONTUFAR, CARLOS  |2 CL-VaPUC  |9 513173 
600 0 7 |a SUCRE, ANTONIO JOSE DE  |2 CL-VaPUC  |9 352075 
650 0 |a Guerra de la independencia   |9 331979 
650 7 |a MEMORIAS  |2 CL-VaPUC  |9 269159 
650 0 |a Biografías  |9 255210 
651 0 |a Ecuador  |9 258378 
651 7 |a CHILE  |2 CL-VaPUC  |9 513174 
651 0 |a Perú  |9 256567 
651 0 |a Santiago  |9 265444 
651 0 |a Valparaíso, Chile  |9 261144 
583 |a last modification  |c 20070124 00:00:00  |k Rodrigo Vera 
490 0 |a Biblioteca Ayacucho, bajo la dirección de Don Rufino Blanco Fombona, vol. XV 
999 |c 322571  |d 322569 
952 |0 0  |1 0  |4 0  |6 980_000000000000000_STE_1900  |7 0  |8 X  |9 401585  |a FDOBUD  |b FDOBUD  |d 2019-11-22  |i 1048260  |o 980 STE 1900  |p 1048260  |r 2019-11-22  |w 2019-11-22  |y BK_X  |k BUD